000 00325nam a2200133Ia 4500
008 210210b1987 xxu||||| |||| 00| 0 eng d
082 _a910.4 KENL
100 _aKENDALL (Sarita).
245 _aLet's visit Ecuador.
260 _aLondon
_bMacmillan Publishers Ltd.
_c1987
300 _a96
690 _aAtlas
906 _a047002
999 _c96046
_d96046